Statistics for MLB, MLS, NBA, NFL or NHL? #3

Click here to take the quiz!

General Stats

  • This quiz has been taken 189 times
  • The average score is 21 of 25

Answer Stats

HintAnswer% Correct
Philadelphia 76ersNBA
92%
New York KnicksNBA
92%
Portland Trail BlazersNBA
92%
Orlando MagicNBA
91%
Brooklyn NetsNBA
91%
Toronto RaptorsNBA
89%
Utah JazzNBA
89%
Green Bay PackersNFL
89%
Oklahoma City ThunderNBA
88%
Los Angeles FCMLS
87%
San Francisco 49ersNFL
87%
Orlando CityMLS
86%
San Diego PadresMLB
84%
Nashville SCMLS
83%
Atlanta HawksNBA
83%
New York JetsNFL
83%
Vancouver CanucksNHL
82%
Chicago BlackhawksNHL
81%
Philadelphia FlyersNHL
79%
Nashville PredatorsNHL
78%
Milwaukee BrewersMLB
77%
Arizona CoyotesNHL
77%
Kansas City RoyalsMLB
74%
San Francisco GiantsMLB
71%
Portland TimbersMLS
70%

Score Distribution

Percentile by Number Answered

Percent of People with Each Score

Your Score History

You have not taken this quiz